Oxfordshire County Council v Oxford City Council and Catherine Mary Robinson and others (Record no. 77220)
[ view plain ]
| 000 -LEADER | |
|---|---|
| fixed length control field | 02142cad a2200265 4500 |
| 001 - CONTROL NUMBER | |
| control field | ##L133813 |
| 008 - FIXED-LENGTH DATA ELEMENTS--GENERAL INFORMATION | |
| fixed length control field | 110801e2006 000 0 eng u |
| 035 ## - SYSTEM CONTROL NUMBER | |
| System control number | (Sirsi) u133813 |
| 041 0# - LANGUAGE CODE | |
| Language code of text/sound track or separate title | eng |
| 245 00 - TITLE STATEMENT | |
| Title | Oxfordshire County Council v Oxford City Council and Catherine Mary Robinson and others |
| 260 ## - PUBLICATION, DISTRIBUTION, ETC. | |
| Date of publication, distribution, etc. | 2006 |
| 520 ## - SUMMARY, ETC. | |
| Summary, etc. | [2006] UKHL 25, 24 May 2006. Concerns the period of use for sports and leisure pursuits required in order to satisfy the definition of town or village green for the purposes of the Commons Registration Act 1965 S22(1A). Appeal by R against a decision ([2005] EWCA Civ 175, Abs68865) which gave guidance on matters arising from R's application under the 1965 Act for registration of land owned by OCC as a town or village green. R had applied for registration of the land as a class c green within s22(1A) of the Act on the grounds that local residents had used the land lawfully as of right for leisure pursuits for an unbroken period of 20 years and continued to do so. OCC objected to R's application for registration despite the recommendation of a non-statutory inquiry. OCC sought the direction of the court for determination on a number of issues. "Held": the inhabitants of a locality must in order to satisfy the definition of town or village green in s22(1A) of the Act, continue to use the land for sports and related pastimes for a period of 20 years until the date. |
| 590 ## - LOCAL NOTE (RLIN) | |
| Local note | IKA200606 |
| 650 24 - SUBJECT ADDED ENTRY--TOPICAL TERM | |
| Topical term or geographic name entry element | COMMONS REGISTRATION ACT 1965 S22(1A) |
| 650 24 - SUBJECT ADDED ENTRY--TOPICAL TERM | |
| Topical term or geographic name entry element | COMMONS REGISTRATION ACT 1965 S10 |
| 650 24 - SUBJECT ADDED ENTRY--TOPICAL TERM | |
| Topical term or geographic name entry element | R V SOUTH GLOUCESTERSHIRE DC EX P CHELTENHAM BUILDERS LTD |
| 650 24 - SUBJECT ADDED ENTRY--TOPICAL TERM | |
| Topical term or geographic name entry element | OXFORDSHIRE CC V OXFORD CITY COUNCIL AND ANOTHER |
| 650 24 - SUBJECT ADDED ENTRY--TOPICAL TERM | |
| Topical term or geographic name entry element | R V SUFFOLK CC EX P STEED |
| 650 24 - SUBJECT ADDED ENTRY--TOPICAL TERM | |
| Topical term or geographic name entry element | R V NORFOLK CC EX P PERRY |
| 650 24 - SUBJECT ADDED ENTRY--TOPICAL TERM | |
| Topical term or geographic name entry element | PYE (OXFORD) LTD & ANOR V UNITED KINGDOM |
| 651 #4 - SUBJECT ADDED ENTRY--GEOGRAPHIC NAME | |
| Geographic name | England and Wales |
| Chronological subdivision | 1543- |
| 690 ## - LOCAL SUBJECT ADDED ENTRY--TOPICAL TERM (OCLC, RLIN) | |
| Topical term or geographic name as entry element | PROPERTY-PROPERTY ACQUISITION AND DISPOSAL-REGISTRATION OF TITLE TO PROPERTY-LAND REGISTRATION |
| 856 40 - ELECTRONIC LOCATION AND ACCESS | |
| Uniform Resource Identifier | <a href="https://www.publications.parliament.uk/pa/ld200506/ldjudgmt/jd060524/oxf.pdf">https://www.publications.parliament.uk/pa/ld200506/ldjudgmt/jd060524/oxf.pdf</a> |
| Public note | View the judgment free of charge at www.publications.parliament.uk |
| 942 ## - ADDED ENTRY ELEMENTS (KOHA) | |
| Suppress in OPAC | 0 |
| Withdrawn status | Lost status | Source of classification or shelving scheme | Damaged status | Not for loan | Home library | Current library | Shelving location | Date acquired | Total Checkouts | Full call number | Barcode | Date last seen | Copy number | Price effective from | Koha item type |
|---|---|---|---|---|---|---|---|---|---|---|---|---|---|---|---|
| Dewey Decimal Classification | Virtual | Virtual | Online | 12/06/2006 | ONLINE PUBLICATION | 133813-2001 | 06/08/2019 | 1 | 06/08/2019 | Law report |